[Event "Bermuda-A"]
[Site "Bermuda"]
[Date "2003.01.27"]
[Round "3"]
[White "Motylev, Alexander"]
[Black "Macieja, Bartlomiej"]
[Result "1/2-1/2"]
[WhiteElo "2640"]
[BlackElo "2629"]
[Annotator "Tsesarsky,I"]
[PlyCount "173"]
[EventDate "2003.01.25"]
[EventType "tourn"]
[EventRounds "11"]
[EventCountry "BER"]
[EventCategory "15"]
[SourceTitle "CBM 094"]
[Source "ChessBase"]
[SourceDate "2003.05.26"]
[SourceVersion "1"]
[SourceVersionDate "2003.05.26"]
[SourceQuality "1"]

1. e4 c5 2. Nf3 Nc6 3. d4 cxd4 4. Nxd4 g6 5. c4 Nf6 6. Nc3 d6 7. Be2 Nxd4 8.
Qxd4 Bg7 9. Be3 O-O 10. Qd2 Be6 11. O-O Qa5 12. Rab1 Rfc8 13. b3 Ng4 14. Nd5
Qxd2 15. Bxd2 Bxd5 {Black yields space advantage and the pair of BB and will
play defencive game for long term.} ({More popular mainline is} 15... Kf8 16.
Bg5 Nf6 17. Nxf6 Bxf6 18. Bxf6 exf6 19. f4 (19. Rbd1 Ke7 20. Rd2 a5 21. f4 {
-see commented game 1/2-1/2 Morovic Fernandez,I-Cebalo,M/Solin 1999/CBM 75 
[Alterman,B](39)}) 19... Ke7 20. Rfd1 a5 21. Rd4 Ra6 (21... Rc5 22. Kf2 {
-see commented game 1/2-1/2 Adams,M-Alterman,B/Elista 1998/CBM 66 ext 
[Tsesarsky,I](43)}) 22. Kf2 Rb6 23. Ke3 a4 24. b4 {-see commented game 1-0 Ye
Jiangchuan-Pigusov,E/Shanghai 2000/CBM 76 [Alterman,B](74)}) 16. exd5 Nf6 17.
Bd3 (17. Bf3 Kf8 18. Rfe1 Rc7 19. h4 Nd7 20. h5 Nc5 21. Be3 Bf6 22. Red1 a5 23.
g3 Kg7 24. Kg2 $14 {1-0 Gruenfeld,Y-Pavlovic,M/Biel 1999/EXT 2000 (38)}) 17...
Nd7 (17... a6 18. Rfc1 Nd7 19. Kf1 Bd4 20. Ke2 Re8 21. Rd1 Nc5 22. Be1 Bf6 23.
Bc2 Nd7 24. b4 $14 {1/2-1/2 Ibragimov,R-Maherramzade,J/Baku 2000/EXT 2002 (33)}
) 18. Rfe1 Kf8 (18... Bf6 19. Rbd1 a5 20. a4 Rc7 21. g3 h5 22. Kg2 Kg7 23. h3
b6 24. f4 Re8 25. g4 $14 {1/2-1/2 Popovic,P-Velimirovic,D/Niksic 1997/EXT 2000
(55)}) 19. Bf1 (19. Rbc1 a5 20. Bf1 Rc7 21. g3 Nc5 22. Rb1 Nd7 23. Kg2 Bd4 24.
Bg5 Re8 25. Bh6+ Kg8 26. Bf4 $14 {0-1 De Sousa,J-Prie,E/FRA 1999/EXT 2000 (35)}
) (19. f4 Bd4+ 20. Kf1 a5 21. Re2 f6 22. g3 Bc5 23. Rd1 $16 {1-0 Jansa,
V-Gonzalez de la Torre,S/Andorra 2000/CBM 76 ext (70)}) 19... a5 20. Bg5 Bf6
21. Bh6+ Kg8 22. g3 Rc7 23. h4 Re8 24. Re2 Ne5 25. Bh3 a4 26. Be3 Nf3+ 27. Kg2
Nd4 28. Rd2 Nf5 29. Bb6 Rcc8 30. h5 {White plays over whole board.} axb3 31.
axb3 Ra8 32. b4 Ra4 33. Rb3 Ra1 34. Bxf5 {White chooses exchange way. Doubled
PPf will not be great addition to black's defence.} ({Possibly was} 34. c5 Rc1
35. Bg4 $16 {with a bit more complicated game.}) 34... gxf5 35. Be3 Rc8 36. c5
Kg7 37. Rc2 ({Dubious is} 37. Kf3 $6 {in view of} Rh1 $1 (37... Be5 38. Rc2 Kf8
39. c6 b5 40. Ke2 Ke8 41. h6 e6 42. Rd3 Ra6 43. dxe6 Raxc6 44. exf7+ Kxf7 45.
Rxc6 Rxc6 46. Rd5 $18) 38. Ra2 Rxh5 39. Ra7 dxc5 40. bxc5 f4 $1 {This is a
key-move of Black's defence.} 41. Kxf4 Rxd5 42. Rbxb7 $14) 37... Rd1 38. c6 b5
39. Ra3 Rxd5 40. Ra7 Bd4 (40... f4 41. Bxf4 Rxh5 42. Rb7 Kf8 43. Be3 $18 {
[%csl Gc6]}) 41. Rxe7 Kf6 42. Rb7 Bxe3 43. fxe3 h6 44. Kf2 ({Winning plan is} 
44. Kf3 Ke6 45. Rb6 Re5 46. Rc3 (46. Ra2 Re4) 46... Ke7 47. Ra3 Re4 48. Rxb5
Rxc6 49. Rxf5 Rxb4 50. Ra7+ Ke6 51. Rfxf7 $18) 44... Ke6 45. Ke2 Re5 46. Rb6
Ke7 47. Ra2 {White decided to go to this forced variation with Ke2 and Ra2
instead of Kf3 and Ra3 - see above.} Re4 48. Rxb5 Rxc6 49. Rxf5 Rc3 50. Rf3
Rxb4 51. Ra7+ Ke8 52. Rfxf7 Re4 53. Kf2 (53. Rf3 $2 d5 54. Ra6 d4 $11) 53...
Rexe3 54. Rg7 Rf3+ 55. Kg2 Kf8 56. Rg6 d5 57. Rh7 $6 {Inaccuracy} ({Wins easily
} 57. Kh3 $1 Rce3 (57... d4 58. Kh4 Rf7 59. Ra8+ Ke7 60. Rxh6 Rc7 61. Ra3 $18)
58. Rd7 Rd3 59. Kh4 $18) 57... Rf7 58. Rhxh6 d4 59. Rh8+ Ke7 60. h6 Rc2+ 61.
Kh3 Rc1 62. Rg4 Rf6 63. Rg7+ Ke6 64. Kg4 Rh1 65. Re8+ $2 {After this mistake
Black survives.} ({Strong was} 65. h7 Rfh6 66. Kg5 R6h5+ (66... d3 67. Re8+ Kd5
68. Rd8+ Kc5 69. g4 $18) 67. Kf4 d3 68. g4 R5h2 69. g5 (69. Re8+ Kf6 70. Rgg8
d2 71. g5+ Kf7 72. g6+ Kf6 73. Ref8+ Ke6 74. Rd8 d1=Q 75. Rxd1 Rxd1 76. h8=Q
Rxh8 77. Rxh8 Kf6 $11) 69... d2 70. Re8+ Kd6 71. Rd8+ Ke6 72. Rg6+ Ke7 73. Rgd6
Rxh7 74. Kf5 $1 $18 {[%cal Gf5g6]}) 65... Kd6 66. Rd8+ Ke6 67. Rxd4 (67. h7
Rfh6 68. Rdd7 d3 69. Rxd3 Rxh7 70. Rxh7 Rxh7 71. Rf3 Rh8 $11) 67... Rfxh6 68.
Rf4 Rh7 69. Rg6+ Ke7 70. Rg5 Re1 71. Ra4 Rf7 72. Ra7+ Kf8 73. Ra8+ Ke7 74. Rgg8
Re4+ 75. Kh3 Kf6 76. g4 Re3+ 77. Kg2 Rg7 78. Rgf8+ Kg5 79. Ra4 Re5 80. Rh8 Rge7
81. Rg8+ Kh6 82. Kg3 R5e6 83. Ra5 (83. Kh4 Re1 $11) 83... Rg7 84. Rh8+ Kg6 85.
Rah5 Re1 86. Ra5 Rg1+ 87. Kf2 1/2-1/2

[Event "RUS-ch"]
[Site "Krasnodar"]
[Date "2002.08.27"]
[Round "1"]
[White "Namgilov, Sogto"]
[Black "Timofeev, Artyom"]
[Result "0-1"]
[WhiteElo "2477"]
[BlackElo "2558"]
[Annotator "Tsesarsky,I"]
[PlyCount "76"]
[EventDate "2002.08.27"]
[EventType "swiss"]
[EventRounds "9"]
[EventCountry "RUS"]
[SourceTitle "CBM 091"]
[Source "ChessBase"]
[SourceDate "2002.11.12"]
[SourceVersion "1"]
[SourceVersionDate "2002.11.12"]
[SourceQuality "1"]

1. Nf3 Nf6 2. c4 g6 3. Nc3 c5 4. e4 Nc6 5. d4 cxd4 6. Nxd4 Nxd4 7. Qxd4 d6 8.
Bg5 Bg7 9. Qd2 O-O 10. Bd3 $14 {Existing theory so far says: White has an
advantage.} Nd7 {This novelty doesn't change position evaluation..} (10... a6
11. O-O Rb8 (11... Be6 12. Rfe1 Rc8 13. Nd5 Re8 14. Rac1 Nxd5 15. exd5 Bd7 16.
b4 $14 {1-0 Santo Roman,M-Adrian,C/FRA 1995/EXT 97 (69)}) 12. Rfe1 Bd7 13. a4
a5 14. Rad1 Bc6 15. b3 Nd7 16. Bc2 Nc5 $14 {1-0 Schinzel,W-Fabisch,C/St Johan
ID Haide 1981/EXT 2001 (42)}) (10... Bd7 11. O-O Bc6 (11... a6 12. Rfe1 Bc6 {
-see commented game 1-0 Petrosian,T-Beliavsky,A/Yerevan 1975/URS-ch [Belov)(42)
} (12... Rb8 13. Nd5 e6 14. Nxf6+ Bxf6 15. Bf4 Bc6 16. Rad1 Be5 17. Bh6 Re8 18.
Bg5 Bf6 19. Bf4 Be5 20. Bg5 Bf6 21. Bf4 Be5 22. Bg5 Bf6 {1/2-1/2 Overeem,
M-Hendriks,W/Wijk aan Zee 1999/EXT 2000 (22)}) (12... Re8 13. Rad1 (13. Rac1
Qa5 14. Bb1 b5 15. e5 Ng4 16. exd6 exd6 17. Rxe8+ Rxe8 18. Qxd6 Be6 19. h3 (19.
c5) 19... bxc4 {[%csl Rg5][%cal Ga5g5]} 20. Ne4 Bf5 $132 {1-0 Micic,J-Heinatz,
G/Germany 1992/EXT 97-B (38)}) 13... Qa5 14. Nd5 Qxd2 15. Rxd2 Nxd5 16. exd5 e5
17. dxe6 Rxe6 18. Rxe6 Bxe6 19. b3 h6 20. Be3 Rd8 21. Be4 (21. f3 {1/2-1/2
Dueball,J-Gruenberg,R/Germany 1982/GER-chT (21)}) 21... b5 22. Bd5 bxc4 23.
bxc4 $14)) 12. b4 (12. Rae1 a6 13. b3 Re8 14. Kh1 Qa5 15. Nd5 Qxd2 16. Bxd2
Nxd5 17. exd5 Bd7 18. Bg5 Kf8 19. Re2 b5 20. Rfe1 e5 21. dxe6 fxe6 $11 {
1/2-1/2 Pogorelov,R-Yuferov,S/Moscow 1996/EXT 2000 (65)}) 12... b6 13. Rac1 a5
14. a3 axb4 15. axb4 Ra3 16. f3 Qa8 17. Nd5 Bxd5 18. cxd5 Ra2 19. Rc2 $14 {
1-0 Rukavina,J-Van der Werf,M/Bern 1990/TD (61)}) (10... a5 11. Rc1 a4 12. O-O
Qb6 13. Rfe1 Be6 14. Nd5 Bxd5 15. exd5 Rfe8 16. Rc2 $14 {0-1 Anisimov,
P-Inarkiev,E/Vladimir RUS 2002/The Week in Chess 384 (49)}) 11. Nd5 {[%csl Re7]
[%cal Gd5e7,Gg5e7]} Re8 12. O-O Nc5 13. Rad1 Bg4 ({Avoiding transparent trap:} 
13... Nxd3 $6 14. Qxd3 f6 (14... Bxb2 $6 15. c5 $1 $16 {[%csl Rd8,Re7][%cal
Gc5d6,Gd1d8,Gg5d8]}) 15. Be3 Bd7 16. c5 $16) 14. f3 Be6 15. Kh1 Rc8 16. b3 a5
17. Bc2 Bxd5 18. exd5 Bf6 19. Be3 ({Worth of attention} 19. f4 $5 $14) 19...
Qb6 {This position is definitely in White's favour: space advantage, pair of
BB and plan of Attack preparing on the kingside.} 20. a3 $5 {[%csl Gb4]
Preventing Qb6-b4} ({Worth of attention} 20. f4 $5 Qb4 21. Qf2 (21. f5 $6 Qxd2
22. Rxd2 g5 $11 {[%csl Ga5,Gc5,Gd6,Gf6,Gg5] with blockade on black squares.})
21... a4 22. Qg3 {[%cal Gf4f5]} (22. f5 g5 23. Qg3 {[%csl Rg5][%cal Ge3g5,
Gg3g5]} (23. Rb1 Qa3 24. bxa4 Qxa2 25. Qd2 h6 $11) 23... Qc3 {[%cal Gc3g3]} 24.
b4 $1 h6 $1 (24... Qxc2 25. bxc5 Qc3 26. Rc1 Qe5 27. Qxe5 Bxe5 28. Rb1 Rc7 29.
Rb6 h6 30. Rfb1 dxc5 31. Rxb7 $16 (31. Rxh6 Bf6 32. g4 $16)) 25. bxc5 (25. h4
Be5 26. Qg4 Nd7 27. Bd3 (27. hxg5 Rxc4 $1 $19) 27... Nf6 28. Qe2 gxh4 29. Rb1 (
29. Bxh6 Rxc4 30. Bd2 (30. Bxc4 Qg3 $19) 30... Qa3 31. Bc1 Rxc1 (31... Qc3 32.
Bb2 Qxb2 33. Qxb2 Bxb2 34. Bxc4 Ne4 $44) 32. Rxc1 Nxd5 $44)) 25... Qxc2 26.
cxd6 Rxc4 (26... exd6 27. Qxd6 $16) 27. dxe7 Rxe7 28. d6 Rd7 29. Rd2 Qe4 $132)
22... Qc3 23. Bf5 $14) 20... Qa6 21. Qe2 {[%cal Ga5a4,Gc5b3]} (21. f4 $6 a4 22.
b4 Nb3 $15 {[%csl Rc4]}) ({Interesting is} 21. a4 $5 e6 {Otherwise it is
difficult to put pieces on active positions.} 22. dxe6 Rxe6 23. f4 Rce8 24. Rf3
Ne4 25. Bxe4 Rxe4 26. f5 g5 27. Rg3 {[%csl Rg5]} h6 28. Kg1 $14) 21... e6 {
[%cal Ge8e2]} (21... a4 $6 22. b4 Nb3 23. Bd3 $16) 22. f4 exd5 23. f5 $2 $132 (
{Better was} 23. Rxd5 $1 a4 24. b4 Rxe3 25. Qxe3 Qxc4 26. Rfd1 Qxc2 27. bxc5
dxc5 28. Rc1 Qb3 29. Qxb3 axb3 30. Rdxc5 $14) 23... g5 $1 {Avoiding another
trap:} (23... Bg5 $2 24. fxg6 fxg6 (24... Rxe3 25. gxf7+ Kf8 26. Qg4 $18 {
[%csl Rc8,Rg5]}) 25. Qg4 $1 $18 {[%csl Rg8][%cal Gc2g6]}) 24. Rxd5 a4 25. b4
Ne4 $1 {[%cal Ge8e2] Good decision!} ({Equal position after} 25... Rxe3 $5 26.
Qxe3 Qxc4 {[%csl Rc2,Rd5,Rf1]} 27. Rdd1 Qxc2 28. bxc5 (28. Rxd6 $2 Ne4 (28...
Kg7 29. Rxf6 Kxf6 30. Qd4+ Ke7 31. bxc5 $18) 29. Rxf6 Rc3 (29... Nxf6 30. Qxg5+
$18) 30. Qb6 Qd3 31. Kg1 Nxf6 32. Qxf6 h6 $17) 28... dxc5 29. Rb1 (29. Rc1 Qb3
$17) 29... c4 30. Rxb7 Rd8 $44) 26. b5 Qa5 27. b6 $2 $17 (27. Qf3 $142 {
[%csl Re4]} Rxc4 $1 (27... Nc5 28. Rxd6 $16) 28. Bd3 Qc3 $1 29. Rd1 {[%csl Rc4]
} (29. Bxc4 Qxc4 30. Rdd1 Qxb5 31. Bd4 $132) 29... Nc5 30. Bd2 Qxd2 $8 31. Rxd2
Re1+ 32. Bf1 Rf4 33. Qxf4 gxf4 34. Kg1 Be5 35. Rd1 Re3 $132) 27... Qc3 28. Bxa4
Ng3+ 29. hxg3 Rxe3 30. Qd1 Rxg3 $5 ({Possible also} 30... Rxc4 $1 31. Bb5 Rce4
{[%csl Rg3][%cal Ge3e1,Ge3g3]} 32. Rd3 Qe5 33. Rxe3 (33. Rxd6 Rxg3 (33... Qxb5
34. Rxf6 Rxg3 35. Rh6 $11) 34. Rd8+ Kg7 $19) 33... Rxe3 34. Bc4 Rxa3 35. Qd5
Qe7 36. Kh2 Be5 $17) 31. Bb5 Be5 32. Qe2 Qxa3 33. Rfd1 (33. f6 Qc3 34. Kg1 (34.
Qd2 Qxd2 35. Rxd2 h5 {[%csl Rf6][%cal Gg8h7,Gh7g6]} 36. Ra2 Kh7 37. Ra7 Rb8 38.
Ra2 Kg6 39. Rd2 Ra8 $19) 34... Bf4 35. Bd7 Ra8 36. Bf5 Qxf6 37. Qh5 h6 $17)
33... Qc3 34. f6 ({After} 34. R5d3 Rxd3 35. Qxd3 Qxd3 36. Rxd3 {[%cal Gg2g4]
Threatening g2-g4} h5 $1 {Black wins this endgame easily in spite of opposite
colour BB.} 37. Kg1 (37. g3 Kg7 38. Kg2 Kf6 39. Kf3 g4+ 40. Ke4 Rc5 {[%csl Rg3]
[%cal Gd6d5,Ge5g3] Threatening d6-d5.} 41. Rb3 d5+ 42. cxd5 Bxg3 $19) 37... Kg7
38. Kf2 Kf6 39. Kf3 Ra8 40. c5 (40. g4 hxg4+ 41. Kxg4 Rh8 $19) 40... dxc5 41.
Rd7 Kxf5 42. Rxf7+ Bf6 43. Rxb7 Ra3+ 44. Ke2 Ra2+ 45. Kf1 Rb2 46. Bd3+ Ke5 47.
Rb8 Kd4 48. Bg6 h4 49. b7 c4 $19 {[%cal Gf6e5,Gb2b8]}) 34... Re3 35. Qd2 g4 36.
Qf2 ({Or} 36. Qxc3 Rxc3 37. R5d2 h5 {[%csl Rb5]} 38. Ra2 Kh7 39. Ra7 Rb8 $19 {
[%csl Rf6,Rh1][%cal Gh7g6]}) 36... g3 37. Qf1 ({More stubborn was} 37. Qd2 Qxd2
38. R5xd2 Ra8 39. Kg1 h5 $19 {[%csl Rf6,Rg1][%cal Gg8h7,Gh7g6]}) 37... Re4 38.
R5d3 Rh4+ (38... Rh4+ 39. Kg1 Bd4+ $19 {[%csl Rg1]}) 0-1

[Event "New York Mayor's Cup"]
[Site "New York"]
[Date "2001.06.21"]
[Round "4"]
[White "Gruenfeld, Yehuda"]
[Black "Perelshteyn, Eugene"]
[Result "1-0"]
[WhiteElo "2520"]
[BlackElo "2436"]
[Annotator "Tsesarsky,I"]
[PlyCount "87"]
[EventDate "2001.06.18"]
[EventType "tourn"]
[EventRounds "9"]
[EventCountry "USA"]
[EventCategory "10"]
[SourceTitle "CBM 084"]
[Source "ChessBase"]
[SourceDate "2001.09.13"]
[SourceVersion "1"]
[SourceVersionDate "2001.09.13"]
[SourceQuality "1"]

1. e4 c5 2. Nf3 g6 3. d4 cxd4 4. Nxd4 Nc6 5. c4 Nf6 6. Nc3 d6 7. Be2 Nxd4 8.
Qxd4 Bg7 9. Be3 O-O 10. Qd2 Be6 11. O-O Qa5 12. Rab1 Rfc8 13. b3 b5 $2 $16 {
This move meets elegant refutation!} (13... Nd7 14. Rfc1 Qb4 (14... f5 15. b4
Qd8 16. exf5 Bxf5 17. Rb3 $14 {1-0 Deep Fritz-Gandalf 4.32g/Cadaques ESP 2001/
The Week in Chess 324 (42)}) 15. Rc2 $14 {-see detailed commented game 1-0 Oll,
L-Alterman,B/Krynica 1997/CBM 62 [Tsesarsky,I](80)}) 14. b4 Qc7 ({Or} 14... Qd8
15. cxb5 Rxc3 16. Qxc3 Nxe4 17. Qe1 $16 {1-0 Balcerak,J-Pavlovic,M/Biel 2000/
CBM 77 ext (52)}) 15. e5 dxe5 16. Nxb5 Qb8 $16 {[%csl Ga2,Gb4,Gc4,Re5,Re7]
[%cal Gb4b5,Gc4c5] This novelty doesn't change position evaluation: White has
an advantage because his PP on the queenside are much stronger than black PP
on the kingside.} (16... Qb7 17. Rfc1 {-see commented game 1-0 Ivanchuk,
V-Kovacevic,A/Belgrade 1997/CBM 62 [Ftacnik,L, Tsesarsky,I] (42)}) 17. Rfc1 Bf5
18. Rb3 Ne4 19. Qe1 Nd6 ({Or} 19... a6 20. Nc3 Nxc3 21. Rcxc3 $16 {[%cal Ga2a4,
Gb4b5,Gc4c5]}) 20. Nxd6 $5 {White a little improves black PP chain.} ({Quite
effective was} 20. a4 Be4 21. Nc3 Bc6 22. b5 Nf5 23. Bd3 Nd4 24. Rbb1 Bb7 25.
a5 $16) 20... exd6 21. b5 Qb7 (21... Be4 22. Ra3 Qb7 23. f3 Bf5 24. Qd2 Rd8 25.
Bd3 $16 {[%cal Gd3e4,Gd3f5]}) 22. Rbc3 (22. a4 $16) 22... Be6 23. Qd2 Rd8 (
23... d5 $2 {would refute by} 24. cxd5 Rxc3 25. Rxc3 Bxd5 26. Qc2 $1 Bxg2 27.
Rc7 Be4 28. Rxb7 Bxc2 29. Bc4 $18) 24. R3c2 f5 ({Badly is} 24... d5 $2 {again:}
25. cxd5 (25. c5 $2 d4 26. Bg5 f6 27. c6 Qc7 28. Bh4 d3 $1 29. Bxd3 e4 $17)
25... Bxd5 (25... Rxd5 26. Qa5 Rd7 27. a4 $18 {[%cal Gc2c7]}) 26. Rc7 Bxg2 $1
27. Qb4 Qd5 28. Bc4 $18) 25. Bf3 {White provokes e5-e4 promotion in order to
blockade black central PP.} (25. Bg5 Rd7 26. a4 Rc8 27. a5 $16) 25... e4 ({
And here also dubious is} 25... d5 $6 {in view of} 26. cxd5 (26. Bxd5 Bxd5 27.
cxd5 Rxd5 {[%csl Rb5]} 28. Rc8+ Bf8 $15) 26... Bxd5 27. Bg5 $1 Bh6 $1 28. Rc8
$3 e4 $8 29. Bxe4 $1 fxe4 30. Rxa8 Rxa8 31. Bxh6 Qxb5 32. Qd4 Qb7 33. Rc7 Qb1+
34. Bc1 Bf7 35. h3 $18 {[%csl Rg8][%cal Gg1h2,Gc1b2]}) 26. Be2 Be5 27. f4 Bf6 (
{Or} 27... exf3 28. Bxf3 d5 29. Rd1 $16 {[%csl Rd5][%cal Gf3b7]}) 28. a4 Rac8
29. a5 Rc5 {Despair. Black hasn't any active plan.} 30. Rd1 $1 ({White doesn't
hurry to capture exchange:} 30. Bxc5 $6 dxc5 31. Qe1 Bd4+ 32. Kh1 $14) 30...
Kf7 31. Qb4 Be7 (31... Rcc8 32. a6 $16) 32. Rcd2 Rdc8 33. Bxc5 dxc5 34. Qa3 h6
35. Qg3 (35. Qh3 Kg7 $16) 35... Rh8 36. Qc3 Bf6 37. Qe3 Be7 38. Rd6 $1 {
White is ready to return exchange.} Qc7 $6 $18 ({Or} 38... Bxd6 39. Rxd6 Qc7
40. Rc6 (40. Ra6 Rd8 41. b6 axb6 42. axb6 Qc6 $132) 40... Qxa5 41. Qxc5 Rd8 42.
Qe5 (42. Bf1 Qd2 43. Rc7+ Rd7 44. Qxa7 e3 45. Rxd7+ Bxd7 46. h3 Qf2+ 47. Kh2
Qxf4+ 48. g3 Qf2+ 49. Bg2 Qd2 $132) 42... Re8 43. Qc7+ Qxc7 44. Rxc7+ Re7 45.
Rxe7+ Kxe7 46. c5 g5 47. g3 e3 48. Bd3 gxf4 49. gxf4 $16) 39. Ra6 Bc8 40. Qc3
$6 $16 (40. b6 $1 axb6 41. Rxb6 $18) 40... Bxa6 $6 $18 (40... Re8 $142 41. b6
axb6 42. Rxb6 Qxf4 43. Qd2 Qxd2 44. Rxd2 $16 {[%csl Ga5][%cal Ga5a8]}) 41. Qxh8
Bc8 42. Qh7+ Kf6 43. b6 axb6 44. axb6 1-0

[Event "NED-ch55"]
[Site "Rotterdam"]
[Date "2000.05.09"]
[Round "3"]
[White "De Vreugt, Dennis"]
[Black "Tiviakov, Sergei"]
[Result "0-1"]
[WhiteElo "2498"]
[BlackElo "2567"]
[Annotator "Tsesarsky,I"]
[PlyCount "68"]
[EventDate "2000.05.07"]
[EventType "tourn"]
[EventRounds "11"]
[EventCountry "NED"]
[EventCategory "12"]
[SourceTitle "CBM 077"]
[Source "ChessBase"]
[SourceDate "2000.07.27"]
[SourceVersion "1"]
[SourceVersionDate "2000.07.27"]
[SourceQuality "1"]

1. e4 {Tiviakov} c5 2. Nf3 Nc6 3. d4 cxd4 4. Nxd4 g6 5. c4 Nf6 6. Nc3 d6 7. Be2
Nxd4 8. Qxd4 Bg7 9. Be3 O-O 10. Qd2 Be6 11. Rc1 Qa5 12. f3 Rfc8 13. b3 a6 14.
Na4 Qxd2+ 15. Kxd2 Nd7 16. Rc2 {'?!' Tiviakov.} (16. g4 {-mainline}) 16... f5
$5 {This move included to plan of Black, so better immediately to play f7-f5} (
16... Rab8 17. Rhc1 f5 18. Nb6 Nxb6 19. Bxb6 fxe4 20. fxe4 Bh6+ 21. Be3 Bxe3+
22. Kxe3 b6 $11 {1/2-1/2 Udovcic,Mijo-Pirc,Vasja/Sarajevo (10) ;MCD 1960 (32)})
(16... Rc6 17. Nc3 (17. Rhc1 f5 18. exf5 (18. Nc3 fxe4 19. fxe4 (19. Nxe4 Rac8
$132) 19... Rf8 $11) 18... Bxf5 19. Bd3 Rf8 (19... Bxd3 20. Kxd3 Kf7 21. Nc3
Bxc3 22. Rxc3 Ne5+ 23. Kd2 b5 24. Bd4 $14 {Kokorev,Dmitry-Kovchan,Alexander/
EU-ch U14 Rimavska Sobota (2) ;EXT 97 1996/0-1 (78)}) 20. Nc3 Bxd3 21. Kxd3 Rf5
22. Nd5 Kf7 23. Ke2 Nf6 24. Nb4 $14 {Ginsberger,Alexander-Glusman,K/Netanya-B 
(3) ;MCD 1973/1/2-1/2 (56)}) 17... Rac8 (17... a5 18. Rhc1 Nc5 {1/2-1/2 Panno,
Oscar-Reshevsky,Samuel Herman/Siegen olm (11) ;MCD 1970}) 18. Rhc1 Kf8 19. Nd5
Bxd5 20. cxd5 Rxc2+ 21. Rxc2 Rxc2+ 22. Kxc2 $14 {1/2-1/2 Kieninger,Georg-Van
der Lijn,Dick/IBM-B Amsterdam (1) ;MCD 1964 (41)}) (16... Kf8 17. g4 Rab8 18.
Rhc1 Rd8 19. Ke1 b5 20. cxb5 axb5 21. Nc3 b4 22. Nb5 $14 {1/2-1/2 Kholmov,
Ratmir D-Pigusov,Evgeny/Sochi-A ;CBM 16 1989 (33)}) (16... Rcb8 17. Nb6 Nxb6
18. Bxb6 Bh6+ 19. Be3 Bxe3+ 20. Kxe3 Rc8 21. Rhc1 b6 22. f4 {1/2-1/2 Wintzer,
Joachim-Voekler,Bernd/Bern op (7) ;CBM 51 ext 1996}) 17. exf5 $6 {Premature
change 'N' Tiviakov.} (17. Bd3 $142 $5 $14 Rc6 (17... Rc7 18. Nc3 Bxc3+ 19.
Rxc3 fxe4 20. Bxe4 Bf5 21. Bd3 Bxd3 22. Kxd3 Kf7 23. h4 $14 {1/2-1/2
Istratescu,Andrei-Neamtu,Serban/ROM-chT (2) ;EXT 98 1993 (39)}) (17... Rab8 18.
exf5 gxf5 19. Nc3 Nf6 20. Rhc1 Rd8 21. Ke2 $14 {Toth,Andras-Gonzalez de la
Torre,Sa/Aviles op (7) ;EXT 2000 1999/0-1 (57)}) 18. Nc3 b5 19. Nd5 Kf7 20. Nb4
(20. Rhc1 Ne5 21. cxb5 (21. Nb4 Nxd3 22. Kxd3 bxc4+ 23. bxc4 Rc7 $11) 21...
Rxc2+ 22. Bxc2 axb5 23. Bb1 $11 {1/2-1/2 Marciano,David-Parmentier,Xavier/
FRA-ch Acc Montpellier (8) ;EXT 99 1991 (35)}) 20... Rcc8 21. cxb5 $14) 17...
Bxf5 (17... gxf5 $5 {Tiviakov}) 18. Rcc1 {Tempo loss is not so important in
this position, but it is evidence that Black solved opening problems.} (18. Bd3
{Also bring equal position:} Bxd3 (18... b5 19. Nb6 (19. Bxf5 gxf5 20. Nb6 Nxb6
21. Bxb6 bxc4 $11) 19... Bxd3 (19... Nxb6 {Tiviakov} 20. Bxb6 bxc4 21. Rxc4 $14
) 20. Kxd3 {'[]' Tiviakov.} bxc4+ 21. Nxc4 $14) 19. Kxd3 b5 $11 (19... Kf7 $11
{Tiviakov}) (19... Rc6 $5 {Tiviakov}) 20. Nb6 $8 Nxb6 21. Bxb6 $14) 18... Kf7 {
'!?' Tiviakov.} (18... Rab8 $11 {Tiviakov}) 19. h4 (19. Nc3 {Tiviakov} Nf6 $11)
19... Rab8 (19... h5 {[%csl Rg5]} 20. g4 $14) 20. h5 {'?' Tiviakov. Tiviakov:
'[#]'} (20. g4 Be6 21. Nc3 $132) (20. Nc3 {Tiviakov} Nf6 $11) 20... b5 {
'!' Tiviakov.} 21. hxg6+ (21. cxb5 {Tiviakov} axb5 22. Nc3 (22. Rxc8 {Tiviakov}
Rxc8 23. Bxb5 Rc2+ 24. Kd1 (24. Ke1 {Tiviakov} Rxa2 $17) 24... Rxg2 $17 (24...
Rxa2 $5 {Tiviakov})) 22... Ra8 23. a4 $15 {ץf5}) 21... Bxg6 {'!' Tiviakov.} (
21... hxg6 $6 {(Tiviakov) <->h, ץf5}) 22. cxb5 $6 $15 {Wrong plan.} ({Right
was} 22. Nc3 $1 Nb6 (22... bxc4 {Tiviakov} 23. Bxc4+ Rxc4 $1 24. bxc4 Rb2+ 25.
Kd1 (25. Ke1 {Tiviakov} Ne5 $1 $17 (25... Rxg2 $2 {Tiviakov} 26. Ne2 $14 {
/\Kf1, צg2})) 25... Rxg2 $17 (25... Ne5 $5 {Tiviakov}) 26. Ne2 $140 Bb2 {צc1}
) 23. cxb5 Bxc3+ 24. Rxc3 Rxc3 25. Kxc3 Nd5+ 26. Kd4 (26. Kd2 axb5 (26... Nxe3
27. Kxe3 axb5 $11) 27. Bf2 Nf4 28. g3 Nxe2 29. Kxe2 Ra8 30. Ra1 $11) 26... Nxe3
$11 (26... Nb4 27. Kc3 Nd5+ 28. Kd4 $11)) 22... axb5 23. Nc3 $2 $17 {'?!'
Tiviakov.} (23. Rxc8 Rxc8 24. Bxb5 Rc2+ 25. Kd1 {'[]' Tiviakov.} (25. Ke1 {
Tiviakov} Rxa2 $17 26. Bxd7 $140 Ra1+ $19) 25... Ne5 $15 26. Bd2 (26. Re1 {
Tiviakov} Rxa2 27. Re2 Ra1+ 28. Kd2 Rb1 $5 $15 {><b3}) (26. a3 {Tiviakov} Rxg2
$17 {/\Bc2, ><b3}) 26... Rxa2 27. Ke2 $15) 23... Ra8 $1 {This strong move was
probably missed by White '-/+!' Tiviakov.} 24. a4 (24. Nxb5 Rxa2+ 25. Ke1 Rxc1+
26. Bxc1 Ne5 $17) 24... Bxc3+ 25. Rxc3 Rxc3 26. Kxc3 bxa4 27. Bb5 {'?!'
Tiviakov.} (27. bxa4 Rxa4 $17) (27. Bc4+ $142 {Tiviakov} Ke8 (27... e6 {
Tiviakov} 28. Rd1 $1 $15) 28. Bb5 $17) 27... Rc8+ {'!' Tiviakov.} 28. Kb2 Rc2+
29. Ka3 axb3 $1 {Good temporary piece sacrifice!} (29... Ne5 30. Bxa4 Rxg2 $17)
30. Bxd7 (30. Kxb3 Nc5+ 31. Bxc5 Rxc5 $17) 30... b2 {Tiviakov: '[/\Re2]'} 31.
f4 (31. Rb1 Re2 32. Rxb2 Rxe3+ $17) 31... e6 {'!' Tiviakov.} 32. g4 {[%cal
Gf4f5]} Be4 33. f5 $2 $19 {The last mistake in the game} ({Certain chances for
successful defend would remain after} 33. Rb1 $5 Rc3+ 34. Kxb2 Rxe3 35. Rf1 Rg3
36. g5 (36. f5 e5 $19) 36... Ke7 37. Ba4 $17) 33... Bxh1 34. fxe6+ Kg6 (34...
Kg6 35. e7 Rc3+ 36. Kxb2 Rxe3 37. e8=Q+ Rxe8 38. Bxe8+ Kg5 $19) (34... Kf6 $5
35. g5+ Ke7 36. Ka2 (36. Bd4 b1=N+ (36... b1=Q $4 37. Bf6+ Kf8 38. e7+ Kf7 39.
e8=Q#) 37. Kb4 Re2 38. Bf6+ Kf8 $19) 36... Bd5+ 37. Kb1 Re2 $19) 0-1